| 000 -ლიდერი |
| ფიქსირებული სიგრძის საკონტროლო ველი |
01057nam a2200265Ia 4500 |
| 001 - საკონტროლო ნომერი |
| საკონტროლო ველი |
21983 |
| 003 - საკონტროლო ნომრის იდენტიფიკატორი |
| საკონტროლო ველი |
GE_BSU |
| 005 - ბოლო ოპერაციის თარიღი და დრო |
| საკონტროლო ველი |
20220921170611.0 |
| 008 - ფიქსირებული სიგრძის მონაცემთა ელემენტები - ზოგადი ინფორმაცია |
| ფიქსირებული სიგრძის საკონტროლო ველი |
181216s ||||ge |||||||||||||| ||geo|| |
| 020 ## - წიგნის საერთაშორისო სტანდარტული ნომერი |
| International Standard Book Number |
9789994095582 |
| 040 ## - კატალოგიზაციის წყარო |
| Transcribing agency |
GE_BSU |
| 041 ## - ენის კოდი |
| Language code of text/sound track or separate title |
geo |
| 080 ## - უნივერსალური ათობითი კლასიფიკაციის ინდექსი |
| Universal Decimal Classification number |
53(479.22)(092) ლ-90 |
| 245 ## - ცნობა სათაურის შესახებ |
| Title |
ლუდვიგ (იური) ჩაჩხიანი 70 / |
| Statement of responsibility, etc |
რედ. თ. ჯადოგნიშვილი. |
| 264 ## - წარმოების, გამოცემის, დისტრიბუციის და სხვა ცნობები |
| გამოცემის, წარმოების, დისტრიბუციის... ადგილი |
თბილისი : |
| გამოცემის, წარმოების, დისტრიბუციის... სახელწოდება |
ტექნ. უნ-ტი, |
| გამოცემის, წარმოების, დისტრიბუციის... თარიღი |
2007. |
| 300 ## - ფიზიკური აღწერა |
| Extent |
230 გვ. : |
| Other physical details |
ილ. ; |
| Dimensions |
21 სმ. |
| 500 ## - ზოგადი შენიშვნა |
| General note |
გარეკანზე სათაური იური ჩაჩხიანი |
| 653 ## - INDEX TERM--UNCONTROLLED |
| Uncontrolled term |
ლუდვიგ (იური) ჩაჩხიანი 70 |
| 653 ## - INDEX TERM--UNCONTROLLED |
| Uncontrolled term |
ფიზიკა |
| 653 ## - INDEX TERM--UNCONTROLLED |
| Uncontrolled term |
ქართველი ფიზიკოსები |
| 653 ## - INDEX TERM--UNCONTROLLED |
| Uncontrolled term |
ჩაჩხიანი, ლუდვიგ (იური) |
| 700 ## - ADDED ENTRY--PERSONAL NAME |
| Personal name |
ჯადოგნიშვილი, თ. |
| Relator term |
რედაქტორი |
| 9 (RLIN) |
4610 |
| 942 ## - ADDED ENTRY ELEMENTS (KOHA) |
| Koha item type |
წიგნი |
| Source of classification or shelving scheme |
|